Fr. Conceicao Rodrigues College of Engineering

Modern production management (Record no. 27288)

MARC details
000 -LEADER
fixed length control field 00290nam a2200133Ia 4500
082 ## - DEWEY DECIMAL CLASSIFICATION NUMBER
Classification number 658.5
100 ## - MAIN ENTRY--PERSONAL NAME
Personal name Elwood/ Buffa
245 ## - TITLE STATEMENT
Title Modern production management
260 ## - PUBLICATION, DISTRIBUTION, ETC.
Name of publisher, distributor, etc. Wiley Eastern University
Date of publication, distribution, etc. 2001
300 ## - PHYSICAL DESCRIPTION
Extent 795
546 ## - LANGUAGE NOTE
Language note ENGLISH
654 ## - SUBJECT ADDED ENTRY--FACETED TOPICAL TERMS
Focus term Management
942 ## - ADDED ENTRY ELEMENTS (KOHA)
Koha item type BOOK
Holdings
Withdrawn status Lost status Damaged status Not for loan Collection Home library Current library Date acquired Cost, normal purchase price Inventory number Total Checkouts Full call number Barcode Date last seen Cost, replacement price Price effective from Koha item type
        AFT Fr. Agnel's C.Rodrigues College of Engineering Fr. Agnel's C.Rodrigues College of Engineering 17/03/2023 18.00 1502   658.5 AFT951 17/03/2023 18.00 17/03/2023 BOOK